| 000 | 00480nam a22001337a 4500 | ||
|---|---|---|---|
| 020 | _a9780615454658 | ||
| 082 |
_a089.54 _bVIL/IN |
||
| 245 | _aIntroduction to Kerala Studies: A Multisisciplinary Reference Book for Universities and Malayali Diaspora- Vol.1 | ||
| 260 |
_aNew Jersey, USA _bInternational Institute for Scientific Collaboration,Inc.(IISAC, Inc.) _c2012 |
||
| 700 |
_aVilanilam, J.V _9721 |
||
| 700 |
_aAntony Palackal _9722 |
||
| 700 |
_aSunny Luke _9723 |
||
| 942 | _cREF | ||
| 999 |
_c13888 _d13888 |
||